logo

TRATADO POR EL QUE SE ESTABLECE UNA CONSTITUCION PARA EUROPA (Record no. 74087)

MARC details
000 -CABECERA
campo de control de longitud fija 00530nam a2200181Ia 4500
001 - NÚMERO DE CONTROL
campo de control 29026
005 - FECHA Y HORA DE LA ÚLTIMA TRANSACCIÓN
campo de control 20260414093222.0
008 - CÓDIGOS DE INFORMACIÓN DE LONGITUD FIJA
campo de control de longitud fija 260115s9999 xx 000 0 und d
035 ## - NÚMERO DE CONTROL DEL SISTEMA
Número de control de sistema 19223
090 ## - LOCALMENTE ASIGNADO TIPO-LC NÚMERO DE CLASIFICACIÓN (OCLC); NÚMERO DE CLASIFICACIÓN LOCAL (RLIN)
Número de clasificación (OCLC) (R) ; Numero de clasificación CALL (RLIN) (NR) 342-4
100 ## - PUNTO DE ACCESO PRINCIPAL - NOMBRE DE PERSONA
Nombre de persona TRATADO
245 #0 - MENCIÓN DE TÍTULO
Título TRATADO POR EL QUE SE ESTABLECE UNA CONSTITUCION PARA EUROPA
260 ## - PUBLICACIÓN, DISTRIBUCIÓN, ETC. (PIE DE IMPRENTA)
Nombre del editor distribuidor etc. MINISTERIO ASUNTOS EXTERIORES/INTERIOR/PRESIDENCIA
Fecha de publicación distribución etc. 2005
630 ## - PUNTO DE ACCESO ADICIONAL DE MATERIA--TÍTULO UNIFORME
Título uniforme CONSTITUCION
650 ## - PUNTO DE ACCESO ADICIONAL DE MATERIA--TÉRMINO DE MATERIA
Término de materia o nombre geográfico como elemento inicial DERECHO
942 ## - ELEMENTOS DE PUNTO DE ACCESO ADICIONAL (KOHA)
Tipo de ítem Koha Monografías
901 ## - ELEMENTOS DE DATOS A LOCAL LDA (RLIN)
a FH
b FH
y BK
p SEH_29026
i 25864
j 342-4
c DERECHO
t 2
z 174 PAGS. MADRID
x 1
Holdings
Estado de retiro Estado de pérdida Estado dañado No para préstamo Localización permanente Ubicación/localización actual Ubicación en estantería Fecha de adquisición Número de inventario Número de registro Total de préstamos Código de barras Fecha visto por última vez Número de copia Precio válido a partir de Tipo de ítem Koha Nota pública
        Servicio de Estudios Históricos Servicio de Estudios Históricos   14/04/2026 25864 25864   SEH_29026 14/04/2026 2 14/04/2026 Monografías 174 PAGS. MADRID